000 00710nam a2200241Ia 4500
005 20260429111951.0
008 260429s9999||||xx |||||||||||||| ||und||
020 _a9781032473062
041 _aEnglish
082 _a302.23
_bPED
100 _aPedro-Caranana, Joan
245 0 _aPolitical economy of media and communication :
_bmethodological approaches /
_cJoan Pedro-Caranana
260 _aBoca Raton :
_bCRC Press,
_c2024.
300 _axix, 379 p.; pbk
650 _a Communication
650 _a Media
650 _a Political economy
650 _aSocial interaction
700 _a Caballero, Francisco Sierra
700 _a Corrigan, Thomas F.
700 _a Gomez, Rodrigo
942 _cTB
999 _c51669
_d51669